000 004670000a22001090004500
245 1 0 _aRicardo Piglia soy yo
300 _aNúmero 32 (Mayo, 2008), Página 22
500 _aLiteratura
520 _aEl escritor coincide con que su obra se asemeja a un cajón de ficheros reordenado y que su registro es la autoficción, un género que Enrique Vila-Matas define como "una autogiografía bajo sospecha".
773 0 _tArcadia / Andrés Felipe Solano, Editor
942 _cANA
999 _c62510
_d62510